[Event "KEN-ch"]
[Site "Nairobi"]
[Date "2021.12.26"]
[Round "2"]
[White "Singe, Phillip Mbawala"]
[Black "Odhiambo, Vincent"]
[Result "0-1"]
[WhiteElo "1795"]
[BlackElo "1543"]
[PlyCount "38"]
[EventDate "2021.12.26"]
[EventType "swiss"]
[EventRounds "9"]
[EventCountry "KEN"]
[SourceTitle "EXT 2023"]
[Source "ChessBase"]
[SourceDate "2022.10.05"]
[SourceVersion "1"]
[SourceVersionDate "2022.10.05"]
[SourceQuality "1"]

1. e4 c5 2. Nf3 Nc6 3. b3 d6 4. Bb2 Nf6 5. d3 Bg4 6. Be2 e6 7. Nbd2 Be7 8. 0-0 0-0 9. h3 Bh5 10. e5 Nd5 11. exd6 Bxd6 12. Ne4 Be7 13. Qd2 Bxf3 14. Bxf3 f5 15. Ng3 Bg5 16. Qe2 Qd6 17. a3 Nd4 18. Bxd5 exd5 19. Bxd4 cxd4 0-1